Internal Dosimetry in Nuclear Fuel Fabrication : Occupational Exposure to Uranium Aerosols.

Bibliographic Details
Main Author: Hansson, Edvin.
Format: eBook
Language:English
Published: Linköping : Linkopings Universitet, 2022.
Edition:1st ed.
Subjects:
Online Access:Click to View
LEADER 01754nam a22003493i 4500
001 EBC6977537
003 MiAaPQ
005 20240729202203.0
006 m o d |
007 cr cnu||||||||
008 240729s2022 xx o ||||0 eng d
020 |a 9789179292942  |q (electronic bk.) 
035 |a (MiAaPQ)EBC6977537 
035 |a (Au-PeEL)EBL6977537 
035 |a (OCoLC)1317329259 
040 |a MiAaPQ  |b eng  |e rda  |e pn  |c MiAaPQ  |d MiAaPQ 
100 1 |a Hansson, Edvin. 
245 1 0 |a Internal Dosimetry in Nuclear Fuel Fabrication :  |b Occupational Exposure to Uranium Aerosols. 
250 |a 1st ed. 
264 1 |a Linköping :  |b Linkopings Universitet,  |c 2022. 
264 4 |c {copy}2022. 
300 |a 1 online resource (86 pages) 
336 |a text  |b txt  |2 rdacontent 
337 |a computer  |b c  |2 rdamedia 
338 |a online resource  |b cr  |2 rdacarrier 
505 0 |a Intro -- CONTENTS -- ABSTRACT -- SVENSK SAMMANFATTNING -- LIST OF PAPERS -- ABBREVIATIONS -- ACKNOWLEDGEMENTS -- INTRODUCTION -- URANIUM AND NUCLEAR FUEL FABRICATION -- INTERNAL DOSIMETRY -- URANIUM BIOKINETICS -- METHODS -- RESULTS -- DISCUSSION -- CONCLUSIONS -- FUTURE PERSPECTIVES -- REFERENCES -- Papers. 
588 |a Description based on publisher supplied metadata and other sources. 
590 |a Electronic reproduction. Ann Arbor, Michigan : ProQuest Ebook Central, 2024. Available via World Wide Web. Access may be limited to ProQuest Ebook Central affiliated libraries.  
655 4 |a Electronic books. 
776 0 8 |i Print version:  |a Hansson, Edvin  |t Internal Dosimetry in Nuclear Fuel Fabrication  |d Linköping : Linkopings Universitet,c2022 
797 2 |a ProQuest (Firm) 
856 4 0 |u https://ebookcentral.proquest.com/lib/matrademy/detail.action?docID=6977537  |z Click to View